| 000 | 00436 a2200133 4500 | ||
|---|---|---|---|
| 001 | 91520 | ||
| 082 | _aPR 1475 | ||
| 090 |
_c43654 _d43653 |
||
| 100 | _aSher Ali; Prof Muhammad Ramzan, Advisor | ||
| 245 |
_aDesign and Development of Lab Model of Speech Security System Compatible with UHF Radios (ARC164/GRC171) Currently used in PAF _n58 "B" EC |
||
| 260 |
_aRawalpindi _bNUST _c2003 |
||
| 300 | _a60p | ||
| 500 | _aBE Project Reports | ||
| 942 |
_aCAE NUST _kPR 1475 |
||
| 999 |
_c326593 _d326593 |
||